00528 2200193 4500001002100000005001500021035002000036007000300056008004100059020001800100082001000118084001600128100002000144245005600164260004500220300002400265600002400289990002100313INLIS00000000000033720220530090142 a0010-0522000037ta220530 0 ind  a9786021143285 a155.2 a155.2 NUR p0 aNuraeni Ibrahim1 apendidikan karakter bangsa 12 : menghargai prestasi aJakarta :bMustika Pustaka Negeri,c2017 a76 :bilus ;c29 cm 4apendidikan karakter a312/smpn7/sby/18